UBT Library

Java e Bibliotekës në Kosovë 7 - 13 prill 2003 : (Record no. 79)

000 -LEADER
fixed length control field 00594nam a22001697a 4500
008 - FIXED-LENGTH DATA ELEMENTS--GENERAL INFORMATION
fixed length control field 131009b xxu||||| |||| 00| 0 alb d
020 ## - INTERNATIONAL STANDARD BOOK NUMBER
International Standard Book Number 9951130062
041 0# - LANGUAGE CODE
Language code of text/sound track or separate title alb
080 ## - UNIVERSAL DECIMAL CLASSIFICATION NUMBER
Universal Decimal Classification number 021
Common auxiliary subdivision (496.51)
-- (061.3)
245 10 - TITLE STATEMENT
Title Java e Bibliotekës në Kosovë 7 - 13 prill 2003 :
Statement of responsibility, etc [Kryeredaktor i botimeve Sali Bashota].
260 ## -
-- Prishtinë :
-- Biblioteka Kombëtare dhe Universitare e Kosovës ;
-- 2004
300 ## -
-- 131 f.:
-- me il.
-- 21 cm.
650 #0 -
-- Bibliotekaria
-- Seminare
-- Kosovë
700 ## -
-- Bashota, Sali
700 ## -
-- Biblioteka Kombëtare dhe Universitare e Kosovës
942 ## - ADDED ENTRY ELEMENTS (KOHA)
Source of classification or shelving scheme
Item type Books
Holdings
Withdrawn status Lost status Source of classification or shelving scheme Damaged status Not for loan Collection code Permanent location Current location Shelving location Date acquired Total Checkouts Full call number Barcode Date last seen Koha item type
          Koleksioni i përgjithshem UBT - Prishtine UBT - Prishtine Koleksioni i përgjithshem 10/09/2013   021 (496.51) (061.3) JAV 001-000072 10/09/2013 Books
UBT Library © 2015-2024. All rights reserved University Education for Business and Technology